| 000 | 00789nam a2200205 i 4500 | ||
|---|---|---|---|
| 001 | 44090 | ||
| 003 | ES-MaACL | ||
| 005 | 20250907063040.0 | ||
| 007 | t| | ||
| 008 | 030320s1932 cu ||||1| spa d | ||
| 100 | 1 |
_aCéspedes y de Quesada, Carlos Manuel, _d1871-1939 _937690 |
|
| 245 | 1 | 3 |
_aUn instante decisivo de la maravillosa carrera de Máximo Gómez / _ctrabajo de ingreso presentado por el académico correspondiente coronel Dr. Carlos Manuel de Cespedes de Quesada. |
| 260 |
_aHabana : _bSiglo XX, _c1932. |
||
| 300 |
_a24 p. ; _c28 cm. |
||
| 500 | _aPrecede al tít.: Academia de la Historia de Cuba. | ||
| 600 | 1 | 4 |
_aGómez, Máximo, _d1836-1905 _957787 |
| 710 | 2 |
_aAcademia de la Historia de Cuba. _91183 |
|
| 852 |
_aES-MaACL _j1763-F-8 |
||
| 999 |
_c44090 _d44090 |
||